Изобретения XX века - Армагеддон - Statistics

General Stats
  • This quiz has been taken 36 times
  • The average score is 3 of 13
Answers on the Grid
Answers color-coded by a green-red scale on the quiz's grid according to % correct below.
Синтезатор
Электромобиль
Мотоцикл
Смартфон
Трактор
Геолокация
Интернет
Солнечная батарея
Компьютер
Телеграф
Автомобиль
Нейросеть
3D-принтер
Радио
Холодильник
Зерноуборочный комбайн
Баскетбол
Сотовая связь
Видеосвязь
Браузер
Лампа накаливания
Телевизор
Электрочайник
Социальная сеть
Звукозапись
Электрогитара
Микрофон
Грампластинка
Ракета
Магнитофон
 
Answer Stats
Answer % Correct
Интернет
55%
Компьютер
45%
Телевизор
45%
Смартфон
35%
Сотовая связь
30%
Геолокация
25%
Видеосвязь
15%
Браузер
15%
Социальная сеть
15%
Электрогитара
10%
Магнитофон
10%
Нейросеть
5%
3D-принтер
5%
No matching quizzes found
Score Distribution
Percent of People with Each Score
Percentile by Number Answered
Your Score History
You have not taken this quiz